Представление документа в формате MARC21

Поле Инд. ПП Название Значение
Тип записи a
Библиографический уровень m
001 Контрольный номер d586594f-7fa8-4c99-8ec7-8fe425a529eb
005 Дата корректировки 20140226161111.4
008 Кодируемые данные 010526 d
020 a ISBN 5-02-016676-6 (в пер.)
c Цена, тираж 5.50
040 a Служба первич. каталог. RU-RKP
040 a Служба первич. каталог. НБ ТвГУ
041 a Код языка текста rus
080 a Индекс УДК 955"1978/1979"
084 a Индекс другой классификации/Индекс ББК Т3(5ИРН)6
090 a Полочн. индекс Т3(5ИРН)
x Авторский знак И77
092 a 03.19
245 10 a Заглавие Иранская революция, 1978-1979
b Продолж. заглавия причины и уроки
c Ответственность [отв. ред. А. З. Арабаджян] ; АН СССР, Ин-т востоковедения
260 0_ a Место издания Москва
b Издательство Наука
c Дата издания 1989
300 a Объем 556, [1] с.
c Размеры 22 см
500 a Примечание Авт. указаны на обороте тит. л.
504 a Библиография Библиогр. в примеч.: с. 464-511
650 a Основная рубрика Иранская революция 1978 г.
650 a Основная рубрика Социально-экономические проблемы развития
x Основная подрубрика Иран
700 1_ a Другие авторы Авдеева Л. Е.
700 1_ a Другие авторы Алиев Салех Мамедоглы
q Полное имя Алиев, С. М.
700 1_ a Другие авторы Арабаджян Артем Завенович
q Полное имя Арабаджян, А. З.
700 1_ a Другие авторы Авдеева Л. Е.
901 t Тип документа m